| 000 | 00434nam a2200193Ia 4500 | ||
|---|---|---|---|
| 005 | 20250423100523.0 | ||
| 008 | 250422s9999 xx 000 0 und d | ||
| 020 | _a0136724604 | ||
| 050 | _aQC 21.2 .B65/ | ||
| 100 | _aBolemon, Jay | ||
| 245 | 0 | _aPhysics : an introduction | |
| 250 | _a 2nd ed. | ||
| 260 | _aEnglewood | ||
| 260 | _bPrentice Hall | ||
| 260 | _c1989 | ||
| 300 | _a605 p | ||
| 650 | _aPhysics. | ||
| 942 | _cBK | ||
| 999 |
_c33555 _d33555 |
||